Adab-O-Mushaira (Record no. 692)

MARC details
000 -LEADER
fixed length control field 00584nam a2200253 a 4500
020 ## - INTERNATIONAL STANDARD BOOK NUMBER
ISBN
082 00 - DEWEY DECIMAL CLASSIFICATION NUMBER
Classification number 891.44
Author Cutter NAY
100 ## - MAIN ENTRY--AUTHOR NAME
Author name Nayyar, Ali Haider
245 ## - TITLE STATEMENT
Title Adab-O-Mushaira
260 ## - PUBLICATION, DISTRIBUTION, ETC. (IMPRINT)
Place of publication Patna
Name of publisher Halqa-E-Sher-O-Adab
Year of publication 1963
300 ## - PHYSICAL DESCRIPTION
Number of Pages 136p
500 ## - GENERAL NOTE
General note includes index and biblioraphy
505 2# - FORMATTED CONTENTS NOTE
Formatted contents note Index
650 ## - SUBJECT ADDED ENTRY--TOPICAL TERM
Topical Term Urdu-Prose
650 ## - SUBJECT ADDED ENTRY--TOPICAL TERM
Topical Term Mushaera
942 ## - ADDED ENTRY ELEMENTS (KOHA)
Koha item type Books
700 1# -
-- Nayyar, Ali Haider
Holdings
Collection code Home library Current library Date acquired Cost, normal purchase price Full call number Accession Number Koha item type
  Henry Martyn Institute Library Henry Martyn Institute Library 06/01/2007 3.00 891.44 NAY 03737 Books
                   Copyright © 2026 | Henry Martyn Institute | Hyderabad | TS-500052 | INDIA | Implemented by hmi.edu.in
Hit-Count:

Powered by Koha